Normal view
MARC view
Entry Topical Term
001 - CONTROL NUMBER
- control field: 50650
003 - CONTROL NUMBER IDENTIFIER
- control field: OSt
005 - DATE AND TIME OF LATEST TRANSACTION
- control field: 20250212103549.0
008 - FIXED-LENGTH DATA ELEMENTS
- fixed length control field: 250212|| aca||aabn | a|a d
040 ## - CATALOGING SOURCE
- Original cataloging agency: OSt
- Transcribing agency: OSt
150 ## - HEADING--TOPICAL TERM
- Topical term or geographic name entry element: Data envelopment analysis (DEA), Non-cooperative approach, Joint wight restriction, Two-stage network structure.
670 ## - SOURCE DATA FOUND
- Source citation: Work cat.: (OSt): Azam Yekta, Pourhabib and Maghbouli, Mahnaz 50649, Weight restriction approach in a two-stage network structure: A DEA-based approach
